[Event "Klatovy op-C 29th"]
[Site "Klatovy"]
[Date "2023.07.03"]
[Round "3"]
[White "Turner, Radek"]
[Black "Cecil, Pavel"]
[Result "1-0"]
[WhiteElo "1991"]
[BlackElo "1845"]
[PlyCount "89"]
[EventDate "2023.07.01"]
[EventType "swiss"]
[EventRounds "9"]
[EventCountry "CZE"]
[SourceTitle "CBM 215 Extra"]
[Source "ChessBase"]
[SourceDate "2023.09.30"]
[SourceVersion "1"]
[SourceVersionDate "2023.09.30"]
[SourceQuality "1"]

1. c4 e6 2. g3 Nf6 3. Bg2 d5 4. Nf3 Be7 5. 0-0 0-0 6. b3 b6 7. Bb2 Bb7 8. e3 Nbd7 9. Qe2 Re8 10. d3 c6 11. Nbd2 Qc7 12. Rfc1 a5 13. a4 Rad8 14. cxd5 exd5 15. d4 Bb4 16. Bc3 Qd6 17. Bxb4 axb4 18. Bh3 Ra8 19. Qd1 c5 20. Rc2 Ba6 21. Bf1 Bb7 22. Bb5 Rec8 23. Rac1 cxd4 24. Rxc8+ Rxc8 25. Rxc8+ Bxc8 26. Bxd7 Bxd7 27. Nxd4 Bh3 28. f3 h5 29. Qc2 Qc5 30. Kf2 Kf8 31. Ke2 Bc8 32. Nb1 g6 33. Kd1 Bf5 34. Nxf5 gxf5 35. Qxf5 Qc6 36. Nd2 Qc3 37. Qf4 Nd7 38. Qd6+ Ke8 39. Qxd5 Qa1+ 40. Ke2 Qg1 41. Qxh5 Qg2+ 42. Kd3 Nc5+ 43. Kc2 Qg1 44. Qe5+ Kd7 45. a5 1-0

[Event "Pilsen Region-chT 2223"]
[Site "Czech Republic"]
[Date "2022.12.11"]
[Round "5.6"]
[White "Cecil, Pavel"]
[Black "Klima, Miloslav"]
[Result "1-0"]
[WhiteElo "1854"]
[BlackElo "1990"]
[PlyCount "65"]
[EventDate "2022.10.09"]
[EventType "team-tourn"]
[EventRounds "11"]
[EventCountry "CZE"]
[SourceTitle "EXT 2024"]
[Source "ChessBase"]
[SourceDate "2023.10.10"]
[SourceVersion "1"]
[SourceVersionDate "2023.10.10"]
[SourceQuality "1"]
[WhiteTeam "Loko"]
[BlackTeam "Plzen Letna"]
[WhiteTeamCountry "CZE"]
[BlackTeamCountry "CZE"]

1. Nf3 Nf6 2. d4 g6 3. Bg5 Bg7 4. e3 0-0 5. c4 d6 6. Be2 h6 7. Bh4 c5 8. dxc5 Qa5+ 9. Qd2 Qxc5 10. Nc3 Be6 11. Bxf6 Bxf6 12. Ne4 Qc7 13. Nxf6+ exf6 14. Rc1 Rd8 15. 0-0 Nc6 16. b3 Qe7 17. Nd4 Rac8 18. Bf3 Ne5 19. Be4 f5 20. Bb1 Kg7 21. Rfd1 d5 22. cxd5 Rxd5 23. Rxc8 Bxc8 24. Nxf5+ Bxf5 25. Qxd5 Bxb1 26. Rxb1 Qf6 27. h3 g5 28. Qd4 Qf5 29. Rc1 Kg6 30. Rd1 f6 31. f4 gxf4 32. exf4 Nc6 33. Qd3 1-0

[Event "Pilsen Region-chT 2223"]
[Site "Czech Republic"]
[Date "2022.11.13"]
[Round "3.7"]
[White "Kral, Petr"]
[Black "Cecil, Pavel"]
[Result "1/2-1/2"]
[WhiteElo "1954"]
[BlackElo "1854"]
[PlyCount "40"]
[EventDate "2022.10.09"]
[EventType "team-tourn"]
[EventRounds "11"]
[EventCountry "CZE"]
[SourceTitle "EXT 2024"]
[Source "ChessBase"]
[SourceDate "2023.10.10"]
[SourceVersion "1"]
[SourceVersionDate "2023.10.10"]
[SourceQuality "1"]
[WhiteTeam "HerNyr"]
[BlackTeam "Loko"]
[WhiteTeamCountry "CZE"]
[BlackTeamCountry "CZE"]

1. e4 e6 2. d4 d5 3. exd5 exd5 4. Nf3 Bd6 5. c4 c6 6. Nc3 Ne7 7. Bd3 dxc4 8. Bxc4 h6 9. Qb3 0-0 10. Ne5 Bxe5 11. dxe5 b5 12. Be2 Be6 13. Qd1 Qxd1+ 14. Bxd1 a6 15. Bf3 Nd7 16. Bf4 Ng6 17. Bxc6 Nxf4 18. Bxa8 Rxa8 19. 0-0 Nxe5 20. Rfd1 Kf8 1/2-1/2

[Event "Pilsen Region-chT 2223"]
[Site "Czech Republic"]
[Date "2022.10.30"]
[Round "2.7"]
[White "Cecil, Pavel"]
[Black "Chudek, Lubomir"]
[Result "1/2-1/2"]
[WhiteElo "1854"]
[BlackElo "1784"]
[PlyCount "25"]
[EventDate "2022.10.09"]
[EventType "team-tourn"]
[EventRounds "11"]
[EventCountry "CZE"]
[SourceTitle "EXT 2024"]
[Source "ChessBase"]
[SourceDate "2023.10.10"]
[SourceVersion "1"]
[SourceVersionDate "2023.10.10"]
[SourceQuality "1"]
[WhiteTeam "Loko"]
[BlackTeam "Petrin"]
[WhiteTeamCountry "CZE"]
[BlackTeamCountry "CZE"]

1. d4 Nf6 2. c4 g6 3. Nc3 d5 4. cxd5 Nxd5 5. e4 Nxc3 6. bxc3 Bg7 7. Bc4 0-0 8. Ne2 c5 9. Be3 Qc7 10. Rc1 Nc6 11. 0-0 Rd8 12. Qd2 Ne5 13. Bd5 1/2-1/2

[Event "Klatovy op-A 24th"]
[Site "Klatovy"]
[Date "2018.07.06"]
[Round "7"]
[White "Paldus, Jan"]
[Black "Cecil, Pavel"]
[Result "1/2-1/2"]
[WhiteElo "1778"]
[BlackElo "1924"]
[PlyCount "34"]
[EventDate "2018.06.30"]
[EventType "swiss"]
[EventRounds "9"]
[EventCountry "CZE"]
[SourceTitle "EXT 2019"]
[Source "ChessBase"]
[SourceDate "2018.10.10"]
[SourceVersion "1"]
[SourceVersionDate "2018.10.10"]
[SourceQuality "1"]

1. e4 e6 2. d4 d5 3. Nc3 Nf6 4. exd5 exd5 5. Nf3 Bg4 6. h3 Bh5 7. Bg5 Be7 8. Be2 Nbd7 9. Ne5 Bxe2 10. Qxe2 0-0 11. 0-0 Re8 12. Qf3 c6 13. Rfe1 Nxe5 14. Rxe5 Nd7 15. Rxe7 Rxe7 16. Bxe7 Qxe7 17. a3 Rd8 1/2-1/2

[Event "Klatovy op"]
[Site "Klatovy"]
[Date "2014.07.03"]
[Round "6"]
[White "Cecil, Pavel"]
[Black "Navratil, Jiri2222"]
[Result "1-0"]
[WhiteElo "1948"]
[BlackElo "2065"]
[PlyCount "55"]
[EventDate "2014.06.28"]
[EventType "swiss"]
[EventRounds "9"]
[EventCountry "CZE"]
[SourceTitle "CBM 161 Extra"]
[Source "ChessBase"]
[SourceDate "2014.08.29"]
[SourceVersion "1"]
[SourceVersionDate "2014.08.29"]
[SourceQuality "1"]

1. d4 d5 2. c4 c6 3. Nf3 Nf6 4. Nc3 e6 5. Bg5 dxc4 6. e3 b5 7. a4 Bb4 8. axb5 cxb5 9. Nd2 Bxc3 10. bxc3 Bb7 11. Qb1 a6 12. Nxc4 Qc7 13. Bf4 Qc6 14. Nd6+ Kd7 15. c4 Rf8 16. Nxb7 Qxb7 17. cxb5 axb5 18. Rxa8 Qxa8 19. Bxb5+ Nc6 20. 0-0 Rc8 21. Rc1 Nd5 22. Bg3 Nde7 23. e4 Ke8 24. h3 g6 25. Qb2 Kf8 26. d5 exd5 27. exd5 Nxd5 28. Bxc6 1-0

[Event "Klatovy op"]
[Site "Klatovy"]
[Date "2014.06.29"]
[Round "2"]
[White "Cecil, Pavel"]
[Black "Holy, Filip"]
[Result "1-0"]
[WhiteElo "1948"]
[BlackElo "1711"]
[PlyCount "125"]
[EventDate "2014.06.28"]
[EventType "swiss"]
[EventRounds "9"]
[EventCountry "CZE"]
[SourceTitle "CBM 161 Extra"]
[Source "ChessBase"]
[SourceDate "2014.08.29"]
[SourceVersion "1"]
[SourceVersionDate "2014.08.29"]
[SourceQuality "1"]

1. d4 d5 2. c4 c6 3. Nf3 Nf6 4. Nc3 a6 5. e3 b5 6. cxb5 cxb5 7. Bd3 Bg4 8. h3 Bxf3 9. Qxf3 Nc6 10. Bd2 e5 11. dxe5 Nxe5 12. Qe2 Bd6 13. Rd1 0-0 14. 0-0 b4 15. Na4 Qa5 16. b3 Nxd3 17. Qxd3 Qb5 18. Bc1 Rac8 19. Bb2 Be7 20. Qxb5 axb5 21. Nb6 Rc2 22. Bxf6 Bxf6 23. Rxd5 Bc3 24. Rxb5 Rxa2 25. Nd5 Rb2 26. Nxc3 bxc3 27. Rc1 c2 28. Rc5 Rxb3 29. R1xc2 h6 30. e4 Rb4 31. f3 Rfb8 32. Rc7 Rb2 33. Rxb2 Rxb2 34. Kh2 Rd2 35. h4 h5 36. Kh3 Rb2 37. Rc4 Ra2 38. g4 hxg4+ 39. Kxg4 Rg2+ 40. Kf5 Rf2 41. f4 Rh2 42. Kg4 Rg2+ 43. Kf3 Rh2 44. Kg3 Rh1 45. e5 Re1 46. Rc8+ Kh7 47. Rf8 Kg6 48. h5+ Kxh5 49. Rxf7 Kg6 50. Rf8 Kh6 51. Kg4 g6 52. Rf7 Rg1+ 53. Kf3 Re1 54. Re7 Rf1+ 55. Ke4 Kh5 56. Rf7 Kg4 57. Rf6 g5 58. fxg5 Re1+ 59. Kd5 Kxg5 60. Rf2 Rd1+ 61. Ke6 Kg6 62. Rg2+ Kh7 63. Rg4 1-0

[Event "Klatovy op-A"]
[Site "Klatovy"]
[Date "2013.07.01"]
[Round "3"]
[White "Wolf, Walter"]
[Black "Cecil, Pavel"]
[Result "1-0"]
[WhiteElo "2252"]
[BlackElo "1962"]
[PlyCount "27"]
[EventDate "2013.06.29"]
[EventType "swiss"]
[EventRounds "9"]
[EventCountry "CZE"]
[SourceTitle "EXT 2014"]
[Source "ChessBase"]
[SourceDate "2013.11.20"]
[SourceVersion "1"]
[SourceVersionDate "2013.11.20"]
[SourceQuality "1"]

1. b3 e5 2. Bb2 Nc6 3. e3 d5 4. Bb5 Bd6 5. c4 dxc4 6. Bxc6+ bxc6 7. bxc4 Rb8 8. Bc3 Qg5 9. g3 Qg6 10. d3 f6 11. e4 Ne7 12. Nd2 0-0 13. Qa4 a6 14. c5 1-0

[Event "Klatovy op-A"]
[Site "Klatovy"]
[Date "2013.06.29"]
[Round "1"]
[White "Jurek, Josef"]
[Black "Cecil, Pavel"]
[Result "1-0"]
[WhiteElo "2278"]
[BlackElo "1962"]
[PlyCount "103"]
[EventDate "2013.06.29"]
[EventType "swiss"]
[EventRounds "9"]
[EventCountry "CZE"]
[SourceTitle "EXT 2014"]
[Source "ChessBase"]
[SourceDate "2013.11.20"]
[SourceVersion "1"]
[SourceVersionDate "2013.11.20"]
[SourceQuality "1"]

1. Nf3 Nf6 2. c4 g6 3. d4 Bg7 4. g3 0-0 5. Bg2 c6 6. Nc3 d5 7. cxd5 cxd5 8. Ne5 e6 9. Bg5 h6 10. Bf4 Nbd7 11. Qd2 g5 12. Nxd7 Bxd7 13. Be5 Bc6 14. h4 Ne4 15. Bxe4 dxe4 16. Bxg7 Kxg7 17. Qe3 f5 18. hxg5 Qxg5 19. 0-0-0 Qxe3+ 20. fxe3 Bd5 21. g4 fxg4 22. Rdg1 Rf6 23. Rxg4+ Rg6 24. Rgh4 Rh8 25. Kd2 Rg5 26. Nxe4 Bxe4 27. Rxe4 Kf6 28. Rf4+ Kg6 29. Rhf1 Rf5 30. e4 Rxf4 31. Rxf4 h5 32. Ke3 h4 33. Kf2 Rh7 34. Kg2 Kg5 35. e3 Rc7 36. Rf2 Rc1 37. Rd2 Kg4 38. d5 e5 39. d6 Rc8 40. Rf2 Rc6 41. Rd2 Rc8 42. d7 Rd8 43. Rd6 h3+ 44. Kf2 Rf8+ 45. Ke2 Rd8 46. Rg6+ Kh5 47. Rg7 Kh6 48. Rg3 Rxd7 49. Rxh3+ Kg6 50. Rf3 Rf7 51. Rxf7 Kxf7 52. Kd3 1-0

[Event "Plzen op"]
[Site "Plzen"]
[Date "2012.08.24"]
[Round "8"]
[White "Cecil, Pavel"]
[Black "Vorobyov, Yurij"]
[Result "0-1"]
[WhiteElo "1965"]
[BlackElo "2254"]
[PlyCount "47"]
[EventDate "2012.08.18"]
[EventType "swiss"]
[EventRounds "9"]
[EventCountry "CZE"]
[SourceTitle "CBM 150 Extra"]
[Source "ChessBase"]
[SourceDate "2012.10.19"]
[SourceVersion "1"]
[SourceVersionDate "2012.10.19"]
[SourceQuality "1"]

1. d4 d5 2. c4 e6 3. Nf3 Nf6 4. Nc3 a6 5. e3 c5 6. cxd5 exd5 7. dxc5 Bxc5 8. Be2 Nc6 9. 0-0 0-0 10. Nd4 Ne5 11. h3 b6 12. Bd2 Re8 13. Re1 Bb7 14. a3 Rc8 15. Na4 Bd6 16. b4 Ne4 17. Rc1 Nc4 18. Bc3 Nxa3 19. Bg4 Rc4 20. Nf5 Nxc3 21. Rxc3 Bxb4 22. Rxa3 Bxa3 23. Qb3 Bb4 24. Nxb6 0-1

[Event "Plzen op"]
[Site "Plzen"]
[Date "2012.08.23"]
[Round "7"]
[White "Maly, Antonin"]
[Black "Cecil, Pavel"]
[Result "0-1"]
[WhiteElo "1847"]
[BlackElo "1965"]
[PlyCount "106"]
[EventDate "2012.08.18"]
[EventType "swiss"]
[EventRounds "9"]
[EventCountry "CZE"]
[SourceTitle "CBM 150 Extra"]
[Source "ChessBase"]
[SourceDate "2012.10.19"]
[SourceVersion "1"]
[SourceVersionDate "2012.10.19"]
[SourceQuality "1"]

1. c4 e5 2. d3 Nf6 3. Nc3 Bb4 4. Bd2 0-0 5. e3 Re8 6. Be2 d5 7. cxd5 Bxc3 8. Bxc3 Nxd5 9. Nf3 Nxc3 10. bxc3 b6 11. 0-0 Bb7 12. e4 c5 13. Qc2 Nc6 14. Rad1 Rc8 15. Nd2 Na5 16. Nb3 Nxb3 17. axb3 Qg5 18. Qd2 Qxd2 19. Rxd2 Rcd8 20. Rb2 Re7 21. f4 exf4 22. Rxf4 f6 23. Kf2 Kf7 24. b4 cxb4 25. Rxb4 Rc7 26. Rb3 Ke7 27. Ke3 Rc5 28. Ra3 a5 29. d4 Rc7 30. Rf5 Bc6 31. g4 h6 32. e5 fxe5 33. Rxe5+ Kd6 34. c4 Re8 35. Rxe8 Bxe8 36. Rb3 Re7+ 37. Kd2 Kc7 38. Bf3 Bf7 39. d5 Rd7 40. Be4 Rd6 41. Rc3 Rf6 42. c5 bxc5 43. Rxc5+ Kb6 44. Rc1 Bxd5 45. Bxd5 Rd6 46. Ke3 Rxd5 47. Ke4 Rd7 48. h4 a4 49. g5 hxg5 50. hxg5 a3 51. Ra1 Ra7 52. Ra2 Ra5 53. g6 Kc6 0-1

[Event "Plzen op"]
[Site "Plzen"]
[Date "2012.08.20"]
[Round "4"]
[White "Smrckova, Svetlana"]
[Black "Cecil, Pavel"]
[Result "0-1"]
[WhiteElo "1578"]
[BlackElo "1965"]
[PlyCount "104"]
[EventDate "2012.08.18"]
[EventType "swiss"]
[EventRounds "9"]
[EventCountry "CZE"]
[SourceTitle "CBM 150 Extra"]
[Source "ChessBase"]
[SourceDate "2012.10.19"]
[SourceVersion "1"]
[SourceVersionDate "2012.10.19"]
[SourceQuality "1"]

1. e4 e6 2. Nf3 d5 3. e5 c5 4. b4 b6 5. bxc5 bxc5 6. d4 cxd4 7. Nxd4 Ba6 8. Bxa6 Qa5+ 9. Nd2 Qxa6 10. a4 Nc6 11. Nb5 Rc8 12. Qe2 Qa5 13. 0-0 a6 14. Nb3 Qd8 15. N5d4 Nge7 16. Qxa6 Nxe5 17. Na5 Ra8 18. Qb5+ Qd7 19. Nb7 N7c6 20. Nxc6 Qxc6 21. Bf4 f6 22. Na5 Qxb5 23. axb5 Bb4 24. Bxe5 Rxa5 25. Rxa5 Bxa5 26. Bd6 Kd7 27. Ba3 Rc8 28. Rb1 Bb6 29. Rb2 Bd4 30. Rb1 Bb6 31. Rc1 g6 32. Kf1 e5 33. Ke2 Rc3 34. Bb4 Rc4 35. c3 Bc5 36. Rd1 Bxb4 37. cxb4 d4 38. Rb1 h5 39. Rb2 Kd6 40. Kd3 Kd5 41. f3 f5 42. b6 e4+ 43. fxe4+ fxe4+ 44. Ke2 Kc6 45. b7 Kxb7 46. b5 Kb6 47. h3 h4 48. Kd2 Rc5 49. Rb4 Rd5 50. Ke2 Ka5 51. Rc4 Kxb5 52. Rc8 d3+ 0-1

[Event "Plzen op"]
[Site "Plzen"]
[Date "2012.08.19"]
[Round "2"]
[White "Lorenc, David"]
[Black "Cecil, Pavel"]
[Result "1/2-1/2"]
[WhiteElo "1699"]
[BlackElo "1965"]
[PlyCount "35"]
[EventDate "2012.08.18"]
[EventType "swiss"]
[EventRounds "9"]
[EventCountry "CZE"]
[SourceTitle "CBM 150 Extra"]
[Source "ChessBase"]
[SourceDate "2012.10.19"]
[SourceVersion "1"]
[SourceVersionDate "2012.10.19"]
[SourceQuality "1"]

1. e4 e6 2. d4 d5 3. exd5 exd5 4. Bd3 Bd6 5. h3 Ne7 6. Nf3 Bf5 7. 0-0 0-0 8. Re1 Bxd3 9. Qxd3 Qd7 10. Nc3 c6 11. Ne2 Na6 12. c3 Qf5 13. Qxf5 Nxf5 14. g4 Ne7 15. Bf4 Bc7 16. Bxc7 Nxc7 17. Nf4 Rfe8 18. Nd3 1/2-1/2

[Event "Plzen op"]
[Site "Plzen"]
[Date "2012.08.18"]
[Round "1"]
[White "Cecil, Pavel"]
[Black "Leseticky, Vladimir"]
[Result "1-0"]
[WhiteElo "1965"]
[BlackElo "1647"]
[PlyCount "65"]
[EventDate "2012.08.18"]
[EventType "swiss"]
[EventRounds "9"]
[EventCountry "CZE"]
[SourceTitle "CBM 150 Extra"]
[Source "ChessBase"]
[SourceDate "2012.10.19"]
[SourceVersion "1"]
[SourceVersionDate "2012.10.19"]
[SourceQuality "1"]

1. d4 Nf6 2. c4 e6 3. Nf3 Bb4+ 4. Bd2 Bxd2+ 5. Nbxd2 d5 6. e3 0-0 7. Bd3 Nc6 8. Rc1 Ne7 9. Ne5 dxc4 10. Rxc4 Ned5 11. 0-0 c6 12. Ne4 Nxe4 13. Bxe4 f5 14. Bb1 Qh4 15. g3 Qh6 16. h4 Rf6 17. h5 Qg5 18. Kg2 Rh6 19. Rh1 b6 20. Nf3 Qe7 21. Rxc6 Bb7 22. Rc1 Qe8 23. Qe2 Rxh5 24. Rxh5 Qxh5 25. Rh1 Qg6 26. Rh4 Rc8 27. e4 Rc1 28. exd5 Rxb1 29. dxe6 Qe8 30. Qe5 Qa8 31. Rf4 Ba6 32. Qxf5 Bf1+ 33. Kh2 1-0

[Event "Plzen op 2nd"]
[Site "Plzen"]
[Date "2010.12.06"]
[Round "3"]
[White "Cecil, Pavel"]
[Black "Berndt, Matthias"]
[Result "1-0"]
[WhiteElo "1979"]
[BlackElo "2176"]
[PlyCount "77"]
[EventDate "2010.12.04"]
[EventType "swiss"]
[EventRounds "9"]
[EventCountry "CZE"]
[SourceTitle "CBM 139 Extra"]
[Source "ChessBase"]
[SourceDate "2011.01.05"]
[SourceVersion "1"]
[SourceVersionDate "2011.01.05"]
[SourceQuality "1"]

1. Nf3 Nf6 2. c4 e6 3. Nc3 Bb4 4. Qc2 Bxc3 5. bxc3 d6 6. d4 b6 7. e4 Nbd7 8. Bf4 Bb7 9. Bd3 h6 10. h3 Qe7 11. 0-0 e5 12. Bh2 g5 13. a4 a5 14. c5 bxc5 15. Rab1 Ra7 16. d5 c4 17. Bxc4 0-0 18. Nd2 Nc5 19. f3 c6 20. dxc6 Bxc6 21. Bb5 Qc7 22. c4 Bd7 23. Kh1 Be6 24. Bg1 Kg7 25. Nb3 Nh5 26. Kh2 f5 27. Rbd1 fxe4 28. Nxc5 dxc5 29. Qxe4 Rf4 30. Qe3 Rd4 31. Bf2 Bxc4 32. Bxc4 Rxc4 33. Rc1 e4+ 34. Kg1 Rxa4 35. Rxc5 Qe7 36. Qc3+ Qf6 37. Qc2 Rb4 38. Rc6 Rb2 39. Qc5 1-0

[Event "Plzen op 1st"]
[Site "Plzen"]
[Date "2009.12.09"]
[Round "6"]
[White "Cecil, Pavel"]
[Black "Ufimtsev, Egor"]
[Result "1/2-1/2"]
[WhiteElo "2010"]
[BlackElo "1753"]
[PlyCount "56"]
[EventDate "2009.12.05"]
[EventType "swiss"]
[EventRounds "9"]
[EventCountry "CZE"]
[SourceTitle "CBM 133 Extra"]
[Source "ChessBase"]
[SourceDate "2010.01.05"]
[SourceVersion "1"]
[SourceVersionDate "2010.01.05"]
[SourceQuality "1"]

1. d4 d5 2. c4 c6 3. Nf3 Nf6 4. Nc3 dxc4 5. a4 Bf5 6. Ne5 e6 7. Nxc4 Bb4 8. Bg5 a5 9. e3 0-0 10. Be2 Nbd7 11. 0-0 Be7 12. Qb3 Ra7 13. Bf3 Bd3 14. Rfd1 Bxc4 15. Qxc4 Nb6 16. Qe2 Nbd5 17. e4 Nxe4 18. Nxe4 Bxg5 19. Nxg5 Qxg5 20. Be4 h6 21. Ra3 f5 22. Bb1 Qf6 23. g3 b6 24. f4 Rd7 25. Ba2 Re8 26. Bxd5 Rxd5 27. Qc4 c5 28. Rad3 Rc8 1/2-1/2

[Event "Plzen op 1st"]
[Site "Plzen"]
[Date "2009.12.08"]
[Round "4"]
[White "Cecil, Pavel"]
[Black "Szablowski, Pawel"]
[Result "0-1"]
[WhiteElo "2010"]
[BlackElo "2217"]
[PlyCount "62"]
[EventDate "2009.12.05"]
[EventType "swiss"]
[EventRounds "9"]
[EventCountry "CZE"]
[SourceTitle "CBM 133 Extra"]
[Source "ChessBase"]
[SourceDate "2010.01.05"]
[SourceVersion "1"]
[SourceVersionDate "2010.01.05"]
[SourceQuality "1"]

1. d4 Nf6 2. Bg5 Ne4 3. Bf4 g5 4. f3 gxf4 5. fxe4 c5 6. d5 Qb6 7. Qc1 Bg7 8. c3 Qf6 9. Nf3 d6 10. Nbd2 Bg4 11. Qc2 Nd7 12. 0-0-0 b5 13. h3 Bh5 14. Rg1 a5 15. g4 fxg3 16. Rxg3 b4 17. c4 a4 18. e3 Bg6 19. Bd3 b3 20. axb3 a3 21. bxa3 Rxa3 22. Nb1 Qa1 23. Rg2 0-0 24. e5 Rb8 25. Qb2 Rbxb3 26. Qxa1 Rxa1 27. Bxg6 hxg6 28. Rb2 Rxe3 29. Rb7 Nxe5 30. Nxe5 Bxe5 31. Rxe7 Rb3 0-1